| 000 | 00924nam a2200229Ia 4500 | ||
|---|---|---|---|
| 003 | GCL | ||
| 005 | 20240530104950.0 | ||
| 008 | 140319s9999 xx 000 0 ara d | ||
| 040 |
_aGCL / _cGCL |
||
| 082 | 0 | 4 |
_a910.02 _bج ت |
| 100 | 1 | _aجودى ؛ اندرو س | |
| 245 | 1 | 0 |
_aالتغيرات البيئية جغرافية الزمن الرابع / _cتاليف جودى ، اندرو س ؛ مترجم محمود محمد عاشور ؛ مراجع نبيل سيد امبابى |
| 260 |
_aالقاهرة : _bالمجلس الاعلى للثقافة ، _c1996 |
||
| 300 |
_a330 ص؛ _b24 سم |
||
| 490 |
_aالمشروع القومى للترجمة _v0 |
||
| 650 | 0 | 4 | _aالبيئة |
| 650 | 0 | 4 | _aالجغرافيا الطبيعية |
| 650 | 0 | 4 | _aالعصور الجيولوجية |
| 700 | 1 |
_aمحمود محمد عاشور _4مترجم |
|
| 700 | 1 |
_aنبيل سيد امبابى _4مراجع |
|
| 942 |
_2ddc _cBK |
||
| 999 |
_c52121 _d52121 |
||